000 00959nam a2200241 a 4500
999 _c10347
_d10347
001 10347
003 BD-JhCC
005 20180724134014.0
008 180424s19962002bg |||| ||a| 000 0 ben d
020 _a9848203028
035 _a(BD-JhCC)10347
040 _aBD-JhCC
_dBD-JhCC
041 _aben
082 _a305.40917671
_bLEM 1996
100 _aলেমু, বি. আইশা
245 _aইসলামের দৃষ্টিতে নারী /
_cবি. আইশা লেমু; ফাতিমা হীরেন; ড. মোহাম্মদ আনিসুজ্জামান (অনুবাদ)
260 _aঢাকা :
_bবাংলাদেশ ইনস্টিটিউট অব ইমলামিক থ্যট (বিআইআইটি),
_c1996.
300 _a245 p. :
_c22 cm.
650 _aWomen in Islam
700 _aহীরেন, ফাতিমা
942 _2ddc
_cBK
_01